[Event "Auburn Hills op"]
[Site "Auburn Hills"]
[Date "2004.04.17"]
[Round "2"]
[White "Barksdale, Dalton"]
[Black "Saylor, Oliver"]
[Result "1-0"]
[WhiteElo "1160"]
[BlackElo "1323"]
[PlyCount "95"]
[EventDate "2004.04.17"]
[EventType "swiss"]
[EventRounds "5"]
[EventCountry "USA"]
[SourceTitle "EXT 2008"]
[Source "ChessBase"]
[SourceDate "2007.11.25"]
[SourceVersion "1"]
[SourceVersionDate "2007.11.25"]
[SourceQuality "1"]

1. d4 c5 2. e3 cxd4 3. exd4 Nf6 4. Nf3 Nc6 5. b3 e6 6. Be2 Bd6 7. 0-0 0-0 8. Re1 Bb4 9. Bd2 Bxd2 10. Nbxd2 d5 11. Bb5 Qb6 12. Bxc6 Qxc6 13. Ne5 Qb6 14. Ndf3 Nd7 15. c4 Nxe5 16. Nxe5 f6 17. Ng4 e5 18. c5 Qc6 19. Ne3 exd4 20. Qxd4 Be6 21. Nc2 b6 22. Nb4 Qxc5 23. Qxc5 bxc5 24. Na6 Bf5 25. Nxc5 Rfe8 26. Rxe8+ Rxe8 27. h3 d4 28. Rd1 Rd8 29. g4 Bc2 30. Rd2 Bg6 31. Ne6 Rd7 32. Rxd4 Rxd4 33. Nxd4 Kf7 34. Nc6 a6 35. Nb4 a5 36. Nc6 a4 37. bxa4 Be4 38. Nd4 Ke7 39. f3 Bd3 40. Kf2 g5 41. Nf5+ Bxf5 42. gxf5 Kd6 43. Kg3 h5 44. f4 gxf4+ 45. Kxf4 Kc5 46. a3 Kb6 47. Kg3 Ka5 48. Kh4 1-0